|
|
|
|
| LEADER |
00000nab a2200000 a 4500 |
| 001 |
vtls000752152 |
| 003 |
SK-MaSNL |
| 005 |
20260302192714.0 |
| 008 |
160405c2001 xo 0 slo |
| 015 |
|
|
|a SNBRB2001/03-11630
|
| 035 |
|
|
|a CLN000103942
|
| 040 |
|
|
|a SNKBUCL
|b slo
|c SNKBUCL
|e AACR2
|
| 041 |
0 |
|
|a slo
|
| 044 |
|
|
|a xo
|c SK
|
| 080 |
|
|
|a 32-051:061.75
|2 1997
|
| 100 |
1 |
|
|a Vavro, Peter
|4 ain
|9 276044
|
| 245 |
1 |
0 |
|a Rehabilitácia J. Esterházyho otvorí Pandorinu skrinku
|b s predsedom poslaneckého klubu KDH Františkom Mikloškom
|c [zhováral sa] Peter Vavro
|
| 300 |
|
|
|b Fotogr.
|
| 600 |
1 |
7 |
|a Esterházy, János,
|d 1901-1957
|2 snkbucl
|9 125804
|
| 655 |
|
7 |
|a články z novín a časopisov
|2 snkbucl
|9 267496
|
| 700 |
1 |
|
|a Mikloško, František,
|d 1947-
|4 aut
|4 uin
|
| 773 |
0 |
|
|t Národná obroda
|g Roč. 12, č. 60 (13.3.2001), s. 4
|
| 850 |
|
|
|a Slovenská národná knižnica v Martine
|
| 852 |
|
|
|a SNK
|b KIS3GCP
|
| 958 |
|
|
|a SK
|
| 958 |
|
|
|a HU
|
| 958 |
|
|
|a RBX
|
| 999 |
|
|
|c 1441786
|d 1443716
|